Online
Catalog

Poetry of Asia : (Record no. 17647)

MARC details
000 -CABECERA
campo de control de longitud fija 00695cam a2200205 a 4500
001 - NÚMERO DE CONTROL
campo de control 000018126
005 - FECHA Y HORA DE LA ÚLTIMA TRANSACCIÓN
campo de control 20200929165350.0
008 - DATOS DE LONGITUD FIJA--INFORMACIÓN GENERAL
campo de control de longitud fija 840202s1979 nyub 000 0 eng d
020 ## - NÚMERO INTERNACIONAL ESTÁNDAR DEL LIBRO
Número Internacional Estándar del Libro 0834801396
040 ## - FUENTE DE LA CATALOGACIÓN
Centro catalogador/agencia de origen DO-SdBNP
Centro/agencia transcriptor DLC
Centro/agencia modificador DLC
-- BNPHU
082 ## - NÚMERO DE LA CLASIFICACIÓN DECIMAL DEWEY
Número de clasificación 895
Número de documento/Ítem P745a
049 ## - FONDOS LOCALES (OCLC)
Fondos de biblioteca BNGR
245 00 - MENCIÓN DE TÍTULO
Título Poetry of Asia :
Resto del título five millenniums of verse from thirty-three languages /
Mención de responsabilidad, etc. General editor, Keith Bosley.
260 ## - PUBLICACIÓN, DISTRIBUCIÓN, ETC.
Lugar de publicación, distribución, etc. New York :
Nombre del editor, distribuidor, etc. Weatherhill,
Fecha de publicación, distribución, etc. 1979.
300 ## - DESCRIPCIÓN FÍSICA
Extensión 315, [2] p. :
Otras características físicas maps ;
Dimensiones 24 cm.
500 ## - NOTA GENERAL
Nota general Previously published as: The Elek book of Oriental verse.
650 #4 - PUNTO DE ACCESO ADICIONAL DE MATERIA--TÉRMINO DE MATERIA
Término de materia o nombre geográfico como elemento de entrada Literatura oriental
9 (RLIN) 39276
700 1# - PUNTO DE ACCESO ADICIONAL--NOMBRE DE PERSONA
Nombre de persona Bosley, Keith,
Término indicativo de función/relación ed.
9 (RLIN) 39277
910 ## - DATOS DE OPCIÓN DEL USUARIO (OCLC)
Datos de opción del usuario Catalogación derivada / LC
Holdings
Estado de retiro Estado de pérdida Restricciones de uso No para préstamo Código de colección Localización permanente Ubicación/localización actual Ubicación en estantería Fecha de adquisición Número de inventario Total de préstamos Signatura topográfica completa Código de barras Fecha visto por última vez Número de copia Precio válido a partir de Tipo de ítem Koha
    Préstamo restringido Préstamo restrigido Monografías: Libros y Folletos General General En catalogación 15.04.2010 LF1   895 P745a 18126-10 25.06.2020 e. 1 25.06.2020 No se presta

Powered by Koha